<?xml version="1.0" encoding="UTF-8"?>
<record
    xmlns:xsi="http://www.w3.org/2001/XMLSchema-instance"
    xsi:schemaLocation="http://www.loc.gov/MARC21/slim http://www.loc.gov/standards/marcxml/schema/MARC21slim.xsd"
    xmlns="http://www.loc.gov/MARC21/slim">

  <leader>01629nam a22002657a 4500</leader>
  <controlfield tag="005">20211215153050.0</controlfield>
  <controlfield tag="008">211211b           ||||| |||| 00| 0 eng d</controlfield>
  <datafield tag="020" ind1=" " ind2=" ">
    <subfield code="a">0060604743</subfield>
  </datafield>
  <datafield tag="040" ind1=" " ind2=" ">
    <subfield code="c">AL</subfield>
  </datafield>
  <datafield tag="041" ind1=" " ind2=" ">
    <subfield code="a">eng</subfield>
  </datafield>
  <datafield tag="082" ind1=" " ind2=" ">
    <subfield code="2">23</subfield>
    <subfield code="a">248.482</subfield>
    <subfield code="b">PAUW</subfield>
  </datafield>
  <datafield tag="100" ind1=" " ind2=" ">
    <subfield code="a">John Paul II</subfield>
    <subfield code="9">11682</subfield>
  </datafield>
  <datafield tag="245" ind1=" " ind2=" ">
    <subfield code="a">Wisdom of John Paul II: The Pope on Life's Most Vital Questions</subfield>
  </datafield>
  <datafield tag="260" ind1=" " ind2=" ">
    <subfield code="a">Vatican:</subfield>
    <subfield code="b">Harper San Francisco,</subfield>
    <subfield code="c">1995.</subfield>
  </datafield>
  <datafield tag="300" ind1=" " ind2=" ">
    <subfield code="a">xii,156 p.</subfield>
    <subfield code="b">HB,</subfield>
    <subfield code="c">21x13 cm.</subfield>
  </datafield>
  <datafield tag="365" ind1=" " ind2=" ">
    <subfield code="b">15.00</subfield>
    <subfield code="c">$</subfield>
    <subfield code="d">15.00</subfield>
  </datafield>
  <datafield tag="520" ind1=" " ind2=" ">
    <subfield code="a">The essential thoughts of Pope John Paul II on matters of belief and conscience have been culled from his encyclicals, speeches, homilies, and statements to fellow bishops and collected in one volume.
Throughout his more than two decades as the leader of the world&#x2019;s Catholics, John Paul II has spoken both officially and informally on all aspects of life in the modern world.
Whether defining the Church's teachings or passionately espousing the basic human rights of all people, whether speaking from his throne in the Vatican or from a platform set up on a soccer field, the Pope has always eloquently and clearly stated his thinking, vision, and hopes for the Church and the world.
For this new edition, the compilers have added significant new material, including the pontiff's thoughts as we enter the third millennium of Christianity.</subfield>
  </datafield>
  <datafield tag="650" ind1=" " ind2=" ">
    <subfield code="a">Spiritual Life- Catholic Church</subfield>
    <subfield code="9">11495</subfield>
  </datafield>
  <datafield tag="650" ind1=" " ind2=" ">
    <subfield code="a">Church and the World</subfield>
    <subfield code="9">11496</subfield>
  </datafield>
  <datafield tag="650" ind1=" " ind2=" ">
    <subfield code="a">Human Rights</subfield>
    <subfield code="9">11497</subfield>
  </datafield>
  <datafield tag="650" ind1=" " ind2=" ">
    <subfield code="a">Prayaer</subfield>
    <subfield code="9">11498</subfield>
  </datafield>
  <datafield tag="650" ind1=" " ind2=" ">
    <subfield code="a">Progress and the Modern World</subfield>
    <subfield code="9">11499</subfield>
  </datafield>
  <datafield tag="700" ind1=" " ind2=" ">
    <subfield code="a">PAUL II (John)</subfield>
    <subfield code="9">11500</subfield>
  </datafield>
  <datafield tag="942" ind1=" " ind2=" ">
    <subfield code="2">ddc</subfield>
    <subfield code="c">GF</subfield>
  </datafield>
  <datafield tag="999" ind1=" " ind2=" ">
    <subfield code="c">220923</subfield>
    <subfield code="d">220923</subfield>
  </datafield>
</record>
